| 000 | 00640cam a22002293a 4500 | ||
|---|---|---|---|
| 001 | 20613 | ||
| 003 | PGUSA | ||
| 005 | 20140828083435.0 | ||
| 008 | 070217s2007||||xxu|||||s|||||000 | eng d | ||
| 040 |
_aPGUSA _beng |
||
| 042 | _adc | ||
| 050 | 4 | _aBF | |
| 100 | 1 |
_aFreud, Sigmund, _d1856-1939 |
|
| 245 | 1 | 0 |
_aÜber Psychoanalyse : _bFünf Vorlesungen _h[electronic resource] / _cSigmund Freud |
| 260 |
_bProject Gutenberg, _c2007 |
||
| 506 | _aPublic domain in the USA. | ||
| 516 | _aElectronic text | ||
| 653 | _aPsychoanalysis | ||
| 830 | 0 |
_aProject Gutenberg _v20613 |
|
| 856 | 4 | 0 | _uhttp://www.gutenberg.org/ebooks/20613 |
| 942 | _cEB | ||
| 999 |
_c249868 _d249868 |
||